| 000 | 01402nam a2200337 a 4500 | ||
|---|---|---|---|
| 001 | BRCA_8573 | ||
| 005 | 20190320210332.0 | ||
| 008 | 190816s1725----be-b######---#000-0#spa-# | ||
| 041 | _aspa | ||
| 044 | _abe | ||
| 050 | 4 |
_aG100 _b.A34 _c1725 |
|
| 100 | 1 |
_aDe Afferden, Francisco _921468 |
|
| 245 | 1 | 0 |
_aEl atlas abreviado o compendiosa geographia del mundo antiguo, y nuevo _bconforme a las ultimas pazes generales del haya _cFrancisco De Afferden. |
| 260 |
_aAmberes _bJuan Bautista Verdussen _c1725 |
||
| 300 |
_a1 vol. (con varias paginaciones) _bmapas, col. _c18 cm |
||
| 500 | _aFondo antiguo | ||
| 500 | _aSe encuentra en Caja Fuerte | ||
| 500 | _aS/N | ||
| 500 | _aIlustrada con 42 mapas | ||
| 500 | _aCon dedicatoria: al Atlante catholico D. Carlos segundo el rey nuestro señor, que lo es de ambos mundos | ||
| 500 | _aGrabado a color en la anteportada | ||
| 500 | _aContiene prefacio | ||
| 500 | _aIncluye tabla de las cuatro partes del mundo, con sus reynos, estados y provincias y tabla de los mapas contenidos en el libro | ||
| 500 | _aIncluye índice alfabético | ||
| 500 | _aNota de encuadernación: pasta valenciana | ||
| 506 | 0 | _aFondo reservado: para su consulta es necesario credencial de usuario y carta de motivos | |
| 650 | 1 | 4 |
_aGeografía _vObras anteriores a 1800 _921469 |
| 650 | 1 | 4 |
_aAtlas _vObras anteriores a 1800 _921470 |
| 902 | _aLAR | ||
| 942 |
_2lcc _cB |
||
| 999 |
_c8236 _d8236 |
||